000 00732nam a2200253Ia 4500
003 OSt
005 20220928124004.0
006 a|||||r|||| 00| 0
007 ta
008 220927b |||||||| |||| 00| 0 eng d
020 _cUKP 39.99
024 _a137431
037 _b830, 25/01/2018, Total Books India
_cTextual
040 _aSDCL
_cSDCL
_beng
041 _2eng
_aeng
082 _aB37:1, Q8
100 _aConway John B.
_9428433
245 0 _aFirst course in analysis
260 _aNew York
_b Cambridge University Press
_c2018
300 _axv,340p.
_ccm.
650 _aMathematics
942 _hB37:1, Q8
_cTEXL
_2CC
999 _c775988
_d775988